000 00583cam a2200145 4500500
005 20251228093424.0
041 _afre
042 _adc
100 1 0 _aWerth, Nicolas
_eauthor
245 0 0 _aAlter L. LITVIN, John L.H. KEEP Stalinism: Russian and Western Views at the Turn of the Millenium Londres, New York : Routledge, 2005, xi +248p.
260 _c2005.
500 _a26
786 0 _nCahiers du monde russe | Vol 46 | 4 | 2005-11-01 | p. 859o-990o | 1252-6576
856 4 1 _uhttps://shs.cairn.info/revue-cahiers-du-monde-russe-2005-4-page-859o?lang=fr&redirect-ssocas=7080
999 _c1604342
_d1604342